000 00757nam a22002297a 4500
003 UA-OsUOA
001 92738
007 ta
008 20121224b un ||||| |||| 00| 0 ukr d
100 _aБорута К.
090 _a821.172
_bБ83
942 _cBK
040 _aUA-OsUOA
_brus
_cUA-OsUOA
_dUA-OsUOA
245 _aМельница Балтарагиса или Что творилось во времена оны в Приудрувье
_bстаринная повесть-предание
300 _a237 с.
955 _a3
041 _arus
080 _a821.172
260 _aМ.
_bХудожественная литература
_c1966
650 7 _a82 Література. Літературознавство
_2UDC
999 _c379167
_d379167